| 000 | 01045nam a2200289Ia 4500 | ||
|---|---|---|---|
| 005 | 20160816065731.0 | ||
| 008 | 130821s2011 ck a gr spa | ||
| 020 | _a9584226924 | ||
| 020 | _a9789584226921 | ||
| 040 |
_aCO-BoUCM _bspa _c[Nuevo] _dJose A. Gerena (modificó) |
||
| 041 | 0 | 0 | _aspa |
| 100 | 1 |
_aLovelock, James _929172 |
|
| 245 | 1 | 3 |
_aLa tierra se agota _cJames Lovelock ; traducción de María Jesús Asensio Tudela. |
| 246 | 1 | 4 |
_aLa tierra se agota _bel último aviso para salvar nuestro planeta. |
| 260 |
_aBogotá (Colombia) _bPlaneta _c2011 |
||
| 300 |
_a293 páginas _bgráficas |
||
| 650 | 0 | 7 |
_aCalentamiento global _910309 |
| 650 | 0 | 7 |
_aCambio climático _910348 |
| 650 | 0 | 7 |
_aCiencias naturales _910813 |
| 650 | 0 | 7 |
_aClimatología _911034 |
| 650 | 0 | 7 |
_aProtección del medio ambiente _922643 |
| 690 | 0 |
_aEconomía _9174 |
|
| 700 | 1 |
_aAsensio Tudela, María Jesús _etraductor _978665 |
|
| 765 | 1 | _tThe vanishing face of Gaia | |
| 942 |
_cLIBRO _a25 _e1 _mL911t _2DEWEY _h333.72 |
||
| 999 |
_c38836 _d38836 |
||